ილია ჭავჭავაძე 170 : (ბიბ.ჩანაწერი № 54896)
[ მარტივი ფორმატი ]
| 000 -ლიდერი | |
|---|---|
| ფიქსირებული სიგრძის საკონტროლო ველი | 01313nam a2200217Ia 4500 |
| 001 - საკონტროლო ნომერი | |
| საკონტროლო ველი | 21965 |
| 003 - საკონტროლო ნომრის იდენტიფიკატორი | |
| საკონტროლო ველი | GE_BSU |
| 005 - ბოლო ოპერაციის თარიღი და დრო | |
| საკონტროლო ველი | 20220915135706.0 |
| 008 - ფიქსირებული სიგრძის მონაცემთა ელემენტები - ზოგადი ინფორმაცია | |
| ფიქსირებული სიგრძის საკონტროლო ველი | 181216s2007||||ge |||||||||||||| ||geo|| |
| 020 ## - წიგნის საერთაშორისო სტანდარტული ნომერი | |
| International Standard Book Number | ISSN 1987-5290 |
| 040 ## - კატალოგიზაციის წყარო | |
| Transcribing agency | GE_BSU |
| 041 ## - ენის კოდი | |
| Language code of text/sound track or separate title | geo |
| 080 ## - უნივერსალური ათობითი კლასიფიკაციის ინდექსი | |
| Universal Decimal Classification number | 821.353.1(092ჭავჭავაძე, ი.) ი-42 |
| 245 ## - ცნობა სათაურის შესახებ | |
| Title | ილია ჭავჭავაძე 170 : |
| Remainder of title | კრებული / |
| Statement of responsibility, etc | სარედ. კოლ. მიხეილ მახარაძე ; მთ. რედ. ბიჭიკო დიასამიძე და სხვ. |
| 264 ## - წარმოების, გამოცემის, დისტრიბუციის და სხვა ცნობები | |
| გამოცემის, წარმოების, დისტრიბუციის... ადგილი | ბათუმი : |
| გამოცემის, წარმოების, დისტრიბუციის... სახელწოდება | ბათუმის უნ-ტი, |
| გამოცემის, წარმოების, დისტრიბუციის... თარიღი | 2007. |
| 300 ## - ფიზიკური აღწერა | |
| Extent | 262 გვ. ; |
| Dimensions | 20 სმ. |
| 504 ## - BIBLIOGRAPHY, ETC. NOTE | |
| Bibliography, etc | ბიბლიოგრაფია თავების ბოლოს ბიბლიოთეკის სახლი | ელექტრონული კატალოგი | დახმარება Powered by OpenBiblio version 0.7.1 მონაცემთა ბაზის ვერსია 0.7.1 Copyright © 2002-2012 Dave Stevens, et al. under the GNU General Public License |
| 653 ## - INDEX TERM--UNCONTROLLED | |
| Uncontrolled term | ილია ჭავჭავაძე 170 |
| 700 ## - ADDED ENTRY--PERSONAL NAME | |
| Personal name | დიასამიძე, ბიჭიკო |
| Relator term | რედაქტორი |
| 9 (RLIN) | 14613 |
| 942 ## - ADDED ENTRY ELEMENTS (KOHA) | |
| Koha item type | წიგნი |
| Source of classification or shelving scheme | |
| ჩამოწერის სტატუსი | დაკარგული ეგზემპლარის სტატუსი | კლასიფიკაციის წყარო ან თაროზე გაწყობის სქემა | დაზიანების სტატუსი | არ გაიცემა | მუდმივი მდებარეობა (დაცვის ადგილი) | ამჟამინდელი ადგილსამყოფელი | თაროზე განთავსების ადგილი | შეძენის თარიღი | ღირებულება, შესყიდვის ნორმალური ფასი | სრული შენახვის შიფრი | შტრიხკოდი | ბოლო ოპერაციის თარიღი | ეგზემპლარის მიმდევრობითი ნომერი (კეტერი?) | ფასის ძალაში შესვლის თარიღი | ეგზემპლარის სახეობა | საჯარო შენიშვნა |
|---|---|---|---|---|---|---|---|---|---|---|---|---|---|---|---|---|
| ბათუმის შოთა რუსთაველის სახელმწიფო უნივერსიტეტის მთავარი ბიბლიოთეკა | ბათუმის შოთა რუსთაველის სახელმწიფო უნივერსიტეტის მთავარი ბიბლიოთეკა | წიგნსაცავი | 2018-12-17 | 15.00 | 821.353.1(092ჭავჭავაძე, ი.) ი-42 | 56700 | 2018-12-17 | 56700 | 2018-12-17 | წიგნი | 15.00 ₾. | |||||
| ბათუმის შოთა რუსთაველის სახელმწიფო უნივერსიტეტის მთავარი ბიბლიოთეკა | ბათუმის შოთა რუსთაველის სახელმწიფო უნივერსიტეტის მთავარი ბიბლიოთეკა | წიგნსაცავი | 2018-12-17 | 10.00 | 821.353.1(092ჭავჭავაძე, ი.) ი-42 | 56701 | 2018-12-17 | 56701 | 2018-12-17 | წიგნი | 10.00 ₾. | |||||
| ბათუმის შოთა რუსთაველის სახელმწიფო უნივერსიტეტის მთავარი ბიბლიოთეკა | ბათუმის შოთა რუსთაველის სახელმწიფო უნივერსიტეტის მთავარი ბიბლიოთეკა | წიგნსაცავი | 2018-12-17 | 20.00 | 821.353.1(092ჭავჭავაძე, ი.) ი-42 | 56709 | 2018-12-17 | 56709 | 2018-12-17 | წიგნი | 20.00 ₾. |
